Microbiology laboratory manual

working in a microbiology laboratory presents a unique opprtunity to learn some basic principles on the safe handling of fluids and other materials that contain microorganisms. Through a series of experiments you will learn aseptic techniques that will allow you to effectively and safely work with m...

সম্পূর্ণ বিবরণ

সংরক্ষণ করুন:
গ্রন্থ-পঞ্জীর বিবরন
প্রধান লেখক: Bey, Russell F.
বিন্যাস: গ্রন্থ
ভাষা:Undetermined
প্রকাশিত: Australia Thomson learning 2001
বিষয়গুলি:
ট্যাগগুলো: ট্যাগ যুক্ত করুন
কোনো ট্যাগ নেই, প্রথমজন হিসাবে ট্যাগ করুন!
Thư viện lưu trữ: Trung tâm Học liệu Trường Đại học Cần Thơ
LEADER 00892nam a2200217Ia 4500
001 CTU_128846
008 210402s9999 xx 000 0 und d
020 |c 86.95 
082 |a 616.01 
082 |b B573 
100 |a Bey, Russell F. 
245 0 |a Microbiology laboratory manual 
245 0 |c Russell F. Bey 
260 |a Australia 
260 |b Thomson learning 
260 |c 2001 
520 |a working in a microbiology laboratory presents a unique opprtunity to learn some basic principles on the safe handling of fluids and other materials that contain microorganisms. Through a series of experiments you will learn aseptic techniques that will allow you to effectively and safely work with microorganisms... 
650 |a bacteriology,microbiology 
650 |x laboratory manuals,laboratory manuals 
904 |i Năm 
980 |a Trung tâm Học liệu Trường Đại học Cần Thơ